000 00431nam a22001457a 4500
020 _a81-239-0317-0
082 _a621.183
_bGOY
_cL-38, P-22
100 _aGoyal, Jagvir
_941067
245 _aExpeditious construction of tall R.C.C. chimneys
_cJagvir Goyal
260 _aIndia
_bCBS Publishers and Distributors
_c1994
300 _axii, 277.p:
526 _a0
_b0
_c0
_d621_183000000000000_GOY
650 _aMCE
_9379
942 _2ddc
_cBK
999 _c545262
_d545262